[Event "Praha"]
[Site "?"]
[Date "2023.01.11"]
[Round "7.18"]
[White "Toncheva, Nadya"]
[Black "Gkavardinas, Antonios"]
[Result "1-0"]
[BlackElo "2101"]
[WhiteElo "2195"]
[LiveChessVersion "1.4.8"]

1. d4 {[%clk 1:30:58]} d5 {[%clk 1:30:51]} 2. c4 {[%clk 1:31:23]} e6
{[%clk 1:31:18]} 3. Nc3 {[%clk 1:31:49]} Be7 {[%clk 1:31:38]} 4. cxd5
{[%clk 1:32:14]} exd5 {[%clk 1:31:54]} 5. Bf4 {[%clk 1:32:40]} c6
{[%clk 1:32:05]} 6. e3 {[%clk 1:33:05]} Bf5 {[%clk 1:31:57]} 7. g4
{[%clk 1:33:30]} Be6 {[%clk 1:31:54]} 8. h4 {[%clk 1:33:55]} Bxh4
{[%clk 1:27:04]} 9. Qb3 {[%clk 1:34:15]} b6 {[%clk 1:23:16]} 10. Nf3
{[%clk 1:28:00]} Be7 {[%clk 1:22:23]} 11. Qc2 {[%clk 1:25:45]} g6
{[%clk 1:12:31]} 12. Ne5 {[%clk 1:09:23]} Nf6 {[%clk 1:06:48]} 13. Be2
{[%clk 1:03:20]} Qc8 {[%clk 1:00:36]} 14. g5 {[%clk 0:57:10]} Nfd7
{[%clk 0:56:14]} 15. Nb5 {[%clk 0:53:11]} Bf5 {[%clk 0:40:15]} 16. Qc1
{[%clk 0:49:48]} O-O {[%clk 0:36:29]} 17. Nxd7 {[%clk 0:41:58]} Nxd7
{[%clk 0:36:18]} 18. Nc7 {[%clk 0:42:21]} Bxg5 {[%clk 0:30:35]} 19. Bd6
{[%clk 0:36:10]} Be7 20. Qxc6 {[%clk 0:36:35]} Bxd6 {[%clk 0:26:00]} 21. Qxd6 Rb8
{[%clk 0:24:48]} 22. Nxd5 {[%clk 0:36:39]} Qc2 23. Qh2 {[%clk 0:34:20]} h5
{[%clk 0:14:34]} 24. Bxh5 {[%clk 0:30:55]} gxh5 {[%clk 0:12:48]} 25. Qxh5
{[%clk 0:31:20]} Bh7 {[%clk 0:12:45]} 26. Qg4+ Bg6 {[%clk 0:07:04]} 27. Qxd7
{[%clk 0:29:20]} Kg7 {[%clk 0:05:21]} 28. Qe7 {[%clk 0:26:38]} Qf5
{[%clk 0:02:34]} 29. Qe5+ {[%clk 0:25:36]} Qxe5 {[%clk 0:02:56]} 30. dxe5
{[%clk 0:26:03]} Rfd8 {[%clk 0:01:42]} 31. Nc3 {[%clk 0:25:45]} b5
{[%clk 0:01:35]} 32. Ne2 Rbc8 {[%clk 0:00:47]} 33. Nd4 {[%clk 0:24:14]} b4
{[%clk 0:00:55]} 34. Ke2 {[%clk 0:23:56]} Rc5 {[%clk 0:00:35]} 35. e6
{[%clk 0:23:28]} Kf6 {[%clk 0:00:31]} 36. exf7 {[%clk 0:23:29]} Kxf7
{[%clk 0:00:44]} 37. Rac1 {[%clk 0:23:37]} Rdc8 {[%clk 0:00:35]} 38. Rxc5
{[%clk 0:23:49]} Rxc5 {[%clk 0:01:03]} 39. Kd2 {[%clk 0:24:10]} Ra5
{[%clk 0:00:36]} 40. Ra1 {[%clk 0:20:49]} Kf6 {[%clk 0:00:36]} 41. a4
{[%clk 0:44:25]} Rh5 42. Ke2 Rh2 {[%clk 0:26:19]} 43. Kf3 {[%clk 0:44:42]} Rh3+
44. Kg4 {[%clk 0:44:06]} Rh7 {[%clk 0:23:26]} 45. Rc1 {[%clk 0:42:59]} Be8
{[%clk 0:14:31]} 46. b3 Rh2 47. Kg3 {[%clk 0:42:50]} Rh5 {[%clk 0:14:21]} 48. Rc7
{[%clk 0:41:30]} a5 {[%clk 0:14:07]} 49. f4 {[%clk 0:40:55]} Rd5 {[%clk 0:12:57]}
50. Kf3 {[%clk 0:39:47]} Rh5 51. f5 {[%clk 0:38:55]} Bf7 {[%clk 0:10:35]} 52. Rc5
{[%clk 0:38:38]} 1-0

[Event "Praha"]
[Site "?"]
[Date "2023.01.11"]
[Round "7.19"]
[White "Bolk, Matthias"]
[Black "Jansen, Bob"]
[Result "0-1"]
[BlackElo "2194"]
[WhiteElo "2080"]
[LiveChessVersion "1.4.8"]

1. b4 {[%clk 1:30:28]} e5 {[%clk 1:29:57]} 2. Bb2 {[%clk 1:30:49]} Bxb4
{[%clk 1:30:15]} 3. Bxe5 {[%clk 1:31:11]} Nf6 {[%clk 1:30:41]} 4. e3
{[%clk 1:31:33]} O-O {[%clk 1:30:44]} 5. a3 {[%clk 1:31:56]} Ba5 {[%clk 1:30:21]}
6. Qf3 {[%clk 1:32:12]} Ne8 {[%clk 1:24:57]} 7. Bd3 {[%clk 1:30:08]} d5
{[%clk 1:23:14]} 8. Ne2 {[%clk 1:22:14]} c5 {[%clk 1:19:59]} 9. c4
{[%clk 1:13:57]} Nc6 {[%clk 1:12:44]} 10. Bc3 {[%clk 0:55:17]} dxc4
{[%clk 1:00:40]} 11. Bxc4 {[%clk 0:50:56]} Nd6 {[%clk 0:58:45]} 12. Bd3
{[%clk 0:42:11]} h6 {[%clk 0:51:31]} 13. Bc2 {[%clk 0:37:32]} Qg5
{[%clk 0:42:52]} 14. h4 {[%clk 0:34:18]} Qe7 {[%clk 0:41:18]} 15. Bb2
{[%clk 0:26:21]} Nc4 {[%clk 0:37:44]} 16. Bc3 {[%clk 0:25:05]} Bc7
{[%clk 0:28:41]} 17. g4 {[%clk 0:22:30]} N4e5 {[%clk 0:20:37]} 18. Qg2
{[%clk 0:18:33]} Bxg4 {[%clk 0:14:11]} 19. h5 {[%clk 0:05:08]} Bf3
{[%clk 0:13:31]} 20. Qh3 {[%clk 0:05:16]} Bxh1 {[%clk 0:12:26]} 21. Qxh1
{[%clk 0:05:44]} c4 {[%clk 0:12:36]} 22. Bxe5 {[%clk 0:02:51]} Qxe5
{[%clk 0:10:08]} 23. Nbc3 {[%clk 0:03:10]} Rad8 {[%clk 0:10:21]} 24. O-O-O
{[%clk 0:03:05]} Bd6 {[%clk 0:10:08]} 25. a4 {[%clk 0:03:16]} Nb4
{[%clk 0:09:31]} 26. f4 {[%clk 0:02:32]} Qf6 {[%clk 0:09:14]} 27. Qe4
{[%clk 0:02:31]} Nxc2 {[%clk 0:04:37]} 28. Kxc2 {[%clk 0:02:40]} Qe7
{[%clk 0:02:51]} 29. Qxc4 {[%clk 0:03:00]} Rc8 {[%clk 0:03:20]} 30. Qd5
{[%clk 0:02:17]} Rfd8 {[%clk 0:03:18]} 31. Qg2 {[%clk 0:02:25]} Qe6
{[%clk 0:03:25]} 32. Rg1 {[%clk 0:02:01]} Qa2+ {[%clk 0:02:26]} 33. Kd1
{[%clk 0:01:53]} Qa1+ {[%clk 0:02:14]} 34. Nc1 {[%clk 0:02:21]} Bf8
{[%clk 0:02:41]} 35. Ke2 {[%clk 0:02:13]} Qb2 {[%clk 0:02:19]} 36. Nd3
{[%clk 0:01:58]} Qc2 {[%clk 0:02:15]} 37. Nd5 {[%clk 0:01:32]} Qc4
{[%clk 0:01:40]} 38. Rc1 {[%clk 0:01:33]} Qa6 {[%clk 0:01:27]} 39. Rxc8
{[%clk 0:01:26]} Rxc8 {[%clk 0:01:55]} 40. f5 {[%clk 0:01:25]} Rd8
{[%clk 0:00:35]} 41. f6 {[%clk 0:27:57]} Qc4 {[%clk 0:27:33]} 42. e4
{[%clk 0:19:30]} Re8 {[%clk 0:22:15]} 43. Nc3 {[%clk 0:11:57]} Kh8
{[%clk 0:20:35]} 44. Ke3 {[%clk 0:04:28]} gxf6 {[%clk 0:19:56]} 45. Qf3
{[%clk 0:03:21]} f5 {[%clk 0:17:17]} 46. Qxf5 {[%clk 0:03:23]} Bg7
{[%clk 0:17:46]} 47. Nb2 {[%clk 0:02:15]} Bd4+ {[%clk 0:15:30]} 48. Kf3
{[%clk 0:01:30]} Qf1+ {[%clk 0:15:53]} 0-1

[Event "Praha"]
[Site "?"]
[Date "2023.01.11"]
[Round "7.20"]
[White "Krasovskiy, Kirill"]
[Black "Pyrig, Roman"]
[Result "1/2-1/2"]
[BlackElo "2066"]
[WhiteElo "2188"]
[LiveChessVersion "1.4.8"]

1. e4 {[%clk 1:30:59]} c5 {[%clk 1:30:17]} 2. Nf3 {[%clk 1:31:15]} Nc6
{[%clk 1:30:38]} 3. Bb5 {[%clk 1:31:07]} e6 {[%clk 1:30:59]} 4. O-O
{[%clk 1:29:07]} Nge7 {[%clk 1:31:02]} 5. c3 {[%clk 1:28:32]} a6 {[%clk 1:31:25]}
6. Ba4 {[%clk 1:28:58]} b5 {[%clk 1:31:50]} 7. Bc2 {[%clk 1:29:20]} d5
{[%clk 1:32:17]} 8. d4 {[%clk 1:23:08]} cxd4 {[%clk 1:32:29]} 9. Nxd4
{[%clk 1:22:49]} Bb7 {[%clk 1:31:03]} 10. Nf3 {[%clk 1:17:46]} Qc7
{[%clk 1:22:55]} 11. Bg5 {[%clk 1:14:48]} dxe4 {[%clk 0:56:01]} 12. Bxe4
{[%clk 1:13:47]} Ng6 {[%clk 0:56:28]} 13. Nbd2 {[%clk 1:09:15]} Be7
{[%clk 0:45:22]} 14. Bxe7 {[%clk 1:05:09]} Ncxe7 {[%clk 0:39:12]} 15. Qc2
{[%clk 0:58:11]} O-O {[%clk 0:35:36]} 16. Rad1 {[%clk 0:52:29]} Rfd8
{[%clk 0:30:53]} 17. Nb3 {[%clk 0:47:39]} Nd5 {[%clk 0:28:04]} 18. Nbd4
{[%clk 0:42:27]} Rac8 {[%clk 0:26:26]} 19. a3 {[%clk 0:35:48]} Nf8
{[%clk 0:22:19]} 20. Rfe1 {[%clk 0:31:20]} h6 {[%clk 0:22:41]} 21. Ne5
{[%clk 0:28:00]} Qe7 {[%clk 0:16:28]} 22. g3 {[%clk 0:16:04]} Qf6
{[%clk 0:13:39]} 23. Rd3 {[%clk 0:10:12]} Qxe5 {[%clk 0:11:34]} 24. Bh7+
{[%clk 0:09:45]} Nxh7 {[%clk 0:12:03]} 25. Rxe5 {[%clk 0:09:58]} Nhf6
{[%clk 0:11:22]} 26. Qd1 {[%clk 0:07:11]} Nd7 {[%clk 0:11:04]} 27. Re1
{[%clk 0:07:01]} Nc5 {[%clk 0:10:57]} 28. Rd2 {[%clk 0:06:51]} Nb6
{[%clk 0:08:47]} 29. Nb3 {[%clk 0:04:42]} Rxd2 {[%clk 0:09:14]} 30. Nxd2
{[%clk 0:04:43]} Nd3 {[%clk 0:09:43]} 31. Re3 {[%clk 0:04:44]} Nxb2
{[%clk 0:09:56]} 32. Qb3 {[%clk 0:04:44]} N2c4 {[%clk 0:09:08]} 33. Nxc4
{[%clk 0:04:42]} Nxc4 {[%clk 0:08:32]} 34. Rd3 {[%clk 0:03:41]} Ne5
{[%clk 0:08:58]} 35. Rd6 {[%clk 0:03:40]} Bd5 {[%clk 0:07:13]} 36. Qb4
{[%clk 0:02:14]} Rc4 {[%clk 0:07:15]} 37. Rd8+ {[%clk 0:01:43]} Kh7
{[%clk 0:07:44]} 38. Qb1+ {[%clk 0:01:47]} Be4 {[%clk 0:08:12]} 39. Qb2
{[%clk 0:01:51]} Nf3+ {[%clk 0:07:02]} 40. Kg2 {[%clk 0:01:13]} Nd2+
{[%clk 0:06:27]} 41. f3 {[%clk 0:00:42]} Nxf3 {[%clk 0:06:34]} 42. Kf1
{[%clk 0:26:44]} Ra4 {[%clk 0:29:04]} 43. Rd7 {[%clk 0:25:52]} Ne5
{[%clk 0:28:48]} 44. Rd4 {[%clk 0:23:37]} Rxd4 {[%clk 0:19:23]} 45. cxd4
{[%clk 0:23:59]} Nc4 {[%clk 0:19:50]} 46. Qb4 {[%clk 0:22:40]} g5
{[%clk 0:09:17]} 47. h3 {[%clk 0:19:16]} Kg7 {[%clk 0:09:20]} 48. Kf2
{[%clk 0:19:26]} Bd5 {[%clk 0:09:44]} 49. Qe7 {[%clk 0:18:31]} a5
{[%clk 0:09:34]} 50. Qc5 {[%clk 0:16:48]} b4 {[%clk 0:10:00]} 51. axb4
{[%clk 0:17:10]} axb4 {[%clk 0:10:29]} 52. Qxb4 {[%clk 0:17:33]} Kg8
{[%clk 0:10:45]} 53. Ke2 {[%clk 0:15:51]} Kg7 {[%clk 0:11:13]} 54. g4
{[%clk 0:13:27]} Kg8 {[%clk 0:11:31]} 55. Qe7 {[%clk 0:13:47]} Kg7
{[%clk 0:11:48]} 56. Kd3 {[%clk 0:12:43]} Nb2+ {[%clk 0:11:57]} 57. Ke2
{[%clk 0:10:50]} Nc4 {[%clk 0:12:17]} 58. h4 {[%clk 0:10:18]} gxh4
{[%clk 0:09:28]} 59. Qxh4 {[%clk 0:10:33]} f6 {[%clk 0:06:04]} 60. Qg3
{[%clk 0:10:27]} e5 {[%clk 0:03:23]} 61. dxe5 {[%clk 0:09:21]} Nxe5
{[%clk 0:03:51]} 62. Ke3 {[%clk 0:08:17]} Bf7 {[%clk 0:03:27]} 63. Kf4
{[%clk 0:07:57]} Ng6+ {[%clk 0:03:51]} 64. Kf5 {[%clk 0:07:50]} Ne7+
{[%clk 0:04:19]} 65. Ke4 {[%clk 0:08:06]} Bg6+ {[%clk 0:04:44]} 66. Kd4
{[%clk 0:07:58]} Bf7 {[%clk 0:05:12]} 67. Kc5 {[%clk 0:08:08]} Ng6
{[%clk 0:05:40]} 68. Kd6 {[%clk 0:08:22]} Ne5 {[%clk 0:06:05]} 69. Qf4
{[%clk 0:08:03]} Ng6 {[%clk 0:06:32]} 70. Qf5 {[%clk 0:03:56]} Ne5
{[%clk 0:06:56]} 1/2-1/2

[Event "Praha"]
[Site "?"]
[Date "2023.01.12"]
[Round "8.1"]
[White "Sorm, Daniel"]
[Black "Chen, Qi b"]
[Result "1/2-1/2"]
[BlackElo "2484"]
[WhiteElo "2302"]
[LiveChessVersion "1.4.8"]

1. d4 {[%clk 1:30:58]} Nf6 {[%clk 1:30:53]} 2. c4 {[%clk 1:31:02]} e6
{[%clk 1:31:02]} 3. Nf3 {[%clk 1:30:06]} d5 {[%clk 1:30:55]} 4. Nc3
{[%clk 1:28:42]} dxc4 {[%clk 1:30:38]} 5. e3 {[%clk 1:25:04]} a6 {[%clk 1:30:59]}
6. a4 {[%clk 1:25:29]} b6 {[%clk 1:30:42]} 7. Bxc4 {[%clk 1:25:40]} Bb7
{[%clk 1:31:00]} 8. O-O {[%clk 1:25:47]} Bb4 {[%clk 1:31:01]} 9. Qe2
{[%clk 1:24:39]} O-O {[%clk 1:29:33]} 10. Rd1 {[%clk 1:24:42]} Qe7
{[%clk 1:23:34]} 11. Bd3 {[%clk 1:19:50]} c5 {[%clk 1:10:24]} 12. Na2
{[%clk 1:18:18]} Nc6 {[%clk 1:06:52]} 13. Nxb4 {[%clk 1:14:51]} Nxb4
{[%clk 1:06:47]} 14. Bb1 {[%clk 1:09:05]} Ne4 {[%clk 0:47:59]} 15. Nd2
{[%clk 0:58:40]} Nxd2 {[%clk 0:44:45]} 1/2-1/2

[Event "Praha"]
[Site "?"]
[Date "2023.01.12"]
[Round "8.2"]
[White "Hak, David"]
[Black "Neuman, Petr"]
[Result "0-1"]
[BlackElo "2393"]
[WhiteElo "2095"]
[LiveChessVersion "1.4.8"]

1. d4 {[%clk 1:30:58]} g6 {[%clk 1:30:53]} 2. c4 {[%clk 1:30:47]} Bg7
{[%clk 1:31:17]} 3. Nc3 {[%clk 1:31:14]} d6 {[%clk 1:31:03]} 4. Nf3
{[%clk 1:31:06]} Nf6 {[%clk 1:31:18]} 5. e4 {[%clk 1:31:20]} O-O {[%clk 1:31:37]}
6. Be2 {[%clk 1:31:30]} e5 {[%clk 1:31:57]} 7. O-O {[%clk 1:30:45]} Nh5
{[%clk 1:28:27]} 8. d5 {[%clk 1:14:11]} Nf4 {[%clk 1:23:43]} 9. Ne1
{[%clk 1:06:05]} f5 {[%clk 1:10:18]} 10. Nd3 {[%clk 0:53:22]} Nxe2+
{[%clk 1:06:40]} 11. Qxe2 {[%clk 0:52:22]} f4 {[%clk 1:07:01]} 12. f3
{[%clk 0:52:41]} g5 {[%clk 1:06:19]} 13. c5 {[%clk 0:50:53]} h5 {[%clk 1:03:53]}
14. cxd6 {[%clk 0:43:04]} cxd6 {[%clk 1:03:47]} 15. Bd2 {[%clk 0:33:59]} Nd7
{[%clk 1:02:15]} 16. a4 {[%clk 0:29:31]} Rf7 {[%clk 1:00:33]} 17. Be1
{[%clk 0:20:56]} Bf8 {[%clk 0:58:40]} 18. Bf2 {[%clk 0:19:26]} Rg7
{[%clk 0:58:21]} 19. Nb5 {[%clk 0:18:09]} g4 {[%clk 0:57:23]} 20. Rfc1
{[%clk 0:15:06]} Nf6 {[%clk 0:42:20]} 21. Bh4 {[%clk 0:13:20]} gxf3
{[%clk 0:41:43]} 22. Qxf3 {[%clk 0:13:33]} Bg4 {[%clk 0:41:43]} 23. Qf1
{[%clk 0:09:37]} Be7 {[%clk 0:38:31]} 24. Bxf6 {[%clk 0:07:38]} Bxf6
{[%clk 0:38:57]} 25. Kh1 {[%clk 0:07:57]} a6 {[%clk 0:36:57]} 26. Na3
{[%clk 0:08:01]} Bh4 {[%clk 0:37:11]} 27. Ne1 {[%clk 0:06:01]} Bxe1
{[%clk 0:34:14]} 28. Rxe1 {[%clk 0:05:19]} h4 {[%clk 0:33:44]} 29. h3
{[%clk 0:05:03]} Bh5 {[%clk 0:34:04]} 30. Rac1 {[%clk 0:04:49]} f3
{[%clk 0:32:11]} 31. gxf3 {[%clk 0:04:32]} Rg3 {[%clk 0:32:34]} 32. Rc3
{[%clk 0:03:35]} Qg5 {[%clk 0:31:15]} 33. Nc4 {[%clk 0:01:43]} Rc8
{[%clk 0:27:51]} 34. f4 {[%clk 0:00:47]} exf4 {[%clk 0:27:56]} 35. e5
{[%clk 0:00:44]} Rxc3 {[%clk 0:24:12]} 36. bxc3 {[%clk 0:00:54]} Rxc4
{[%clk 0:24:19]} 37. exd6 {[%clk 0:01:00]} Qxd5+ {[%clk 0:22:47]} 38. Qg2+
{[%clk 0:00:37]} Qxg2+ {[%clk 0:22:51]} 39. Kxg2 {[%clk 0:01:06]} Rc8
{[%clk 0:22:59]} 40. c4 {[%clk 0:00:47]} Be8 {[%clk 0:21:26]} 41. a5
{[%clk 0:27:42]} Bc6+ {[%clk 0:51:22]} 42. Kf2 {[%clk 0:27:54]} Kf8
{[%clk 0:50:17]} 43. Re6 {[%clk 0:24:26]} Kf7 {[%clk 0:47:51]} 44. Rh6
{[%clk 0:23:07]} Bd7 {[%clk 0:47:22]} 45. Rxh4 {[%clk 0:21:40]} Rxc4
{[%clk 0:47:42]} 46. Rh8 {[%clk 0:22:02]} Rd4 {[%clk 0:46:48]} 0-1

[Event "Praha"]
[Site "?"]
[Date "2023.01.12"]
[Round "8.3"]
[White "Tobak, Mikhail"]
[Black "Baumegger, Siegfried"]
[Result "1-0"]
[BlackElo "2439"]
[WhiteElo "2297"]
[LiveChessVersion "1.4.8"]

1. e4 {[%clk 1:30:53]} c5 {[%clk 1:30:48]} 2. Nf3 {[%clk 1:31:15]} d6
{[%clk 1:30:41]} 3. d4 {[%clk 1:31:24]} cxd4 {[%clk 1:31:04]} 4. Nxd4
{[%clk 1:31:51]} Nf6 {[%clk 1:31:12]} 5. Nc3 {[%clk 1:32:12]} Nc6
{[%clk 1:30:41]} 6. Nde2 {[%clk 1:32:15]} e6 {[%clk 1:28:55]} 7. g3
{[%clk 1:30:02]} Be7 {[%clk 1:29:13]} 8. Bg2 {[%clk 1:30:25]} O-O
{[%clk 1:29:28]} 9. O-O {[%clk 1:29:39]} Rb8 {[%clk 1:24:14]} 10. a4
{[%clk 1:23:25]} a6 {[%clk 1:23:45]} 11. Nd4 {[%clk 1:19:29]} Qc7
{[%clk 1:17:35]} 12. h3 {[%clk 1:12:53]} Bd7 {[%clk 1:15:19]} 13. Kh2
{[%clk 1:08:14]} Rfc8 {[%clk 1:12:13]} 14. Nxc6 {[%clk 1:07:05]} Bxc6
{[%clk 1:07:39]} 15. a5 {[%clk 1:06:17]} b5 {[%clk 1:03:21]} 16. axb6
{[%clk 1:05:58]} Rxb6 {[%clk 1:03:35]} 17. Ra2 {[%clk 1:00:27]} Bb7
{[%clk 1:01:31]} 18. Bd2 {[%clk 0:52:26]} Rc6 {[%clk 0:51:10]} 19. Re1
{[%clk 0:47:45]} Rc4 {[%clk 0:49:33]} 20. Qe2 {[%clk 0:44:27]} Bf8
{[%clk 0:46:48]} 21. f4 {[%clk 0:39:23]} d5 {[%clk 0:42:07]} 22. exd5
{[%clk 0:33:27]} exd5 {[%clk 0:38:26]} 23. Nd1 {[%clk 0:27:50]} Rxc2
{[%clk 0:24:59]} 24. Ne3 {[%clk 0:27:32]} Rc6 {[%clk 0:19:52]} 25. Bc3
{[%clk 0:24:33]} Re8 {[%clk 0:18:09]} 26. Qd3 {[%clk 0:23:18]} Rce6
{[%clk 0:16:55]} 27. Raa1 {[%clk 0:20:20]} h5 {[%clk 0:10:32]} 28. f5
{[%clk 0:15:58]} Ne4 {[%clk 0:09:46]} 29. Nxd5 {[%clk 0:12:41]} Bxd5
{[%clk 0:07:23]} 30. fxe6 {[%clk 0:12:58]} Nxc3 {[%clk 0:06:45]} 31. Bxd5
{[%clk 0:10:13]} Nxd5 {[%clk 0:06:21]} 32. exf7+ {[%clk 0:09:39]} Qxf7
{[%clk 0:06:40]} 33. Rxe8 {[%clk 0:10:03]} Qf2+ {[%clk 0:05:24]} 34. Kh1
{[%clk 0:10:22]} Nf6 {[%clk 0:03:15]} 35. Qb3+ {[%clk 0:09:55]} 1-0

[Event "Praha"]
[Site "?"]
[Date "2023.01.12"]
[Round "8.4"]
[White "Mitusov, Semen"]
[Black "Schneider, Jana"]
[Result "1-0"]
[BlackElo "2263"]
[WhiteElo "2397"]
[LiveChessVersion "1.4.8"]

1. e4 {[%clk 1:30:53]} e5 {[%clk 1:30:50]} 2. Nf3 {[%clk 1:30:35]} Nc6
{[%clk 1:31:10]} 3. Bc4 {[%clk 1:30:43]} Nf6 {[%clk 1:31:21]} 4. d3
{[%clk 1:30:26]} Bc5 {[%clk 1:31:36]} 5. c3 {[%clk 1:30:47]} d6 {[%clk 1:31:52]}
6. O-O {[%clk 1:29:59]} a6 {[%clk 1:31:41]} 7. Bb3 {[%clk 1:29:55]} Ba7
{[%clk 1:31:21]} 8. Nbd2 {[%clk 1:29:22]} O-O {[%clk 1:30:56]} 9. h3
{[%clk 1:29:10]} Re8 {[%clk 1:20:51]} 10. Re1 {[%clk 1:24:14]} Be6
{[%clk 1:20:40]} 11. Nf1 {[%clk 1:22:45]} h6 {[%clk 1:16:36]} 12. Be3
{[%clk 1:21:34]} Bxe3 {[%clk 1:15:42]} 13. Nxe3 {[%clk 1:21:55]} d5
{[%clk 1:13:27]} 14. exd5 {[%clk 1:20:10]} Nxd5 {[%clk 1:10:37]} 15. Nxd5
{[%clk 1:18:18]} Bxd5 {[%clk 1:10:57]} 16. d4 {[%clk 1:18:16]} Bxb3
{[%clk 0:57:17]} 17. Qxb3 {[%clk 1:18:17]} exd4 {[%clk 0:55:49]} 18. Rxe8+
{[%clk 1:18:36]} Qxe8 {[%clk 0:56:07]} 19. Re1 {[%clk 1:19:01]} Qd7
{[%clk 0:54:26]} 20. Qxb7 {[%clk 1:19:17]} Rb8 {[%clk 0:48:27]} 21. Qxa6
{[%clk 1:17:45]} Rxb2 {[%clk 0:47:50]} 22. cxd4 {[%clk 1:14:59]} g6
{[%clk 0:29:16]} 23. Qa3 {[%clk 0:52:32]} Rb5 {[%clk 0:27:08]} 24. Qe3
{[%clk 0:51:28]} Ra5 {[%clk 0:25:02]} 25. Qxh6 {[%clk 0:49:53]} Rh5
{[%clk 0:18:23]} 26. Qe3 {[%clk 0:47:21]} Ra5 {[%clk 0:18:05]} 27. h4
{[%clk 0:42:49]} Kg7 {[%clk 0:16:31]} 28. Qc3 {[%clk 0:41:38]} Rd5
{[%clk 0:16:26]} 29. Rd1 {[%clk 0:41:08]} Na7 {[%clk 0:15:36]} 30. Qb2
{[%clk 0:37:59]} Nb5 {[%clk 0:12:40]} 31. a4 {[%clk 0:36:15]} Nd6
{[%clk 0:13:03]} 32. Ra1 {[%clk 0:36:36]} Nc4 {[%clk 0:11:12]} 33. Qc2
{[%clk 0:34:19]} Na5 {[%clk 0:11:03]} 34. Rc1 {[%clk 0:34:38]} c6
{[%clk 0:11:01]} 35. Qc3 {[%clk 0:32:54]} Qg4 {[%clk 0:09:21]} 36. Rb1
{[%clk 0:29:36]} Qf4 {[%clk 0:08:13]} 37. Re1 {[%clk 0:29:23]} Qb8
{[%clk 0:06:54]} 38. Re5 {[%clk 0:25:27]} Qb1+ {[%clk 0:06:19]} 39. Kh2
{[%clk 0:25:04]} Qb6 {[%clk 0:05:59]} 40. Rxd5 {[%clk 0:20:11]} cxd5
{[%clk 0:06:20]} 41. Ne5 {[%clk 0:20:08]} f6 {[%clk 0:04:26]} 42. Nf3
{[%clk 0:18:10]} Nc4 {[%clk 0:03:08]} 43. Nd2 {[%clk 0:18:02]} Qc6
{[%clk 0:02:01]} 44. Nxc4 {[%clk 0:15:17]} dxc4 {[%clk 0:26:52]} 45. a5
{[%clk 0:45:42]} Kf7 {[%clk 0:20:24]} 46. g3 {[%clk 0:44:18]} Ke6
{[%clk 0:18:58]} 47. Qa3 {[%clk 0:43:44]} Qd6 {[%clk 0:09:53]} 48. Qb2
{[%clk 0:39:17]} Qc6 {[%clk 0:09:16]} 49. Qa1 {[%clk 0:35:53]} Qa6
{[%clk 0:06:48]} 50. Qa3 {[%clk 0:33:54]} Qd6 {[%clk 0:06:37]} 51. Qxd6+
{[%clk 0:32:33]} Kxd6 {[%clk 0:07:02]} 52. a6 {[%clk 0:33:00]} Kc7
{[%clk 0:06:48]} 53. d5 {[%clk 0:33:26]} c3 {[%clk 0:06:58]} 54. a7
{[%clk 0:33:41]} Kb7 {[%clk 0:07:19]} 55. d6 {[%clk 0:34:06]} c2 {[%clk 0:07:38]}
56. a8=Q+ {[%clk 0:34:21]} Kxa8 {[%clk 0:08:00]} 57. d7 {[%clk 0:34:48]} Kb7
{[%clk 0:07:59]} 58. d8=Q {[%clk 0:35:11]} c1=Q {[%clk 0:08:21]} 59. Qxf6
{[%clk 0:35:32]} Qc2 {[%clk 0:08:41]} 60. g4 {[%clk 0:35:17]} Kc8
{[%clk 0:08:06]} 61. Qd4 {[%clk 0:33:49]} Qe2 {[%clk 0:07:10]} 62. Kg3
{[%clk 0:34:00]} Qe6 {[%clk 0:06:38]} 63. Kf4 {[%clk 0:33:54]} Qe7
{[%clk 0:06:42]} 64. Qc4+ {[%clk 0:33:35]} Kb8 {[%clk 0:06:21]} 65. Qb5+
{[%clk 0:34:00]} Ka7 {[%clk 0:05:58]} 66. Qa5+ {[%clk 0:34:24]} Kb7
{[%clk 0:06:19]} 67. Qd5+ {[%clk 0:34:50]} Ka7 {[%clk 0:05:08]} 68. Qd4+
{[%clk 0:35:12]} Ka6 {[%clk 0:05:26]} 69. Qd3+ {[%clk 0:35:38]} Ka5
{[%clk 0:05:45]} 70. Qxg6 {[%clk 0:35:56]} 1-0

[Event "Praha"]
[Site "?"]
[Date "2023.01.12"]
[Round "8.5"]
[White "Carlsson, Ludvig"]
[Black "Goroshkov, Maksym"]
[Result "1-0"]
[BlackElo "2261"]
[WhiteElo "2349"]
[LiveChessVersion "1.4.8"]

1. e4 {[%clk 1:30:55]} d6 {[%clk 1:30:23]} 2. d4 {[%clk 1:31:15]} Nf6
{[%clk 1:30:48]} 3. Nc3 {[%clk 1:31:31]} g6 {[%clk 1:31:10]} 4. Nf3
{[%clk 1:31:28]} Bg7 {[%clk 1:31:32]} 5. Be2 {[%clk 1:31:51]} O-O
{[%clk 1:31:52]} 6. O-O {[%clk 1:32:16]} c6 {[%clk 1:27:36]} 7. a4
{[%clk 1:31:48]} Bg4 {[%clk 1:26:12]} 8. Be3 {[%clk 1:20:43]} Nbd7
{[%clk 1:23:39]} 9. h3 {[%clk 1:20:27]} Bxf3 {[%clk 1:23:57]} 10. Bxf3
{[%clk 1:20:52]} e5 {[%clk 1:23:58]} 11. d5 {[%clk 1:16:41]} c5 {[%clk 1:15:05]}
12. a5 {[%clk 1:03:11]} Ne8 {[%clk 1:15:01]} 13. Qb1 {[%clk 1:02:52]} Bf6
{[%clk 1:04:08]} 14. Bg4 {[%clk 1:01:04]} Be7 {[%clk 1:02:20]} 15. Bxd7
{[%clk 1:00:25]} Qxd7 {[%clk 1:02:47]} 16. b4 {[%clk 1:00:44]} f5
{[%clk 1:02:48]} 17. f3 {[%clk 0:59:45]} fxe4 {[%clk 0:59:14]} 18. fxe4
{[%clk 0:56:21]} Rxf1+ {[%clk 0:59:14]} 19. Kxf1 {[%clk 0:56:46]} Rc8
{[%clk 0:51:59]} 20. Kg1 {[%clk 0:50:42]} b6 {[%clk 0:43:37]} 21. axb6
{[%clk 0:44:02]} axb6 {[%clk 0:43:01]} 22. Ra6 {[%clk 0:44:21]} Bd8
{[%clk 0:37:20]} 23. bxc5 {[%clk 0:42:35]} bxc5 {[%clk 0:35:40]} 24. Nb5
{[%clk 0:38:52]} Rb8 {[%clk 0:33:11]} 25. c4 {[%clk 0:39:09]} Rb6
{[%clk 0:33:35]} 26. Ra2 {[%clk 0:32:54]} Nc7 {[%clk 0:33:34]} 27. Qf1
{[%clk 0:32:47]} Nxb5 {[%clk 0:31:06]} 28. Bh6 {[%clk 0:33:02]} Qe8
{[%clk 0:30:24]} 29. cxb5 {[%clk 0:32:40]} Be7 {[%clk 0:29:29]} 30. Rb2
{[%clk 0:25:28]} Qa8 {[%clk 0:26:23]} 31. Qe2 {[%clk 0:23:37]} Bf8
{[%clk 0:25:22]} 32. Bg5 {[%clk 0:22:24]} Rb7 {[%clk 0:23:37]} 33. Kh2
{[%clk 0:22:02]} h6 {[%clk 0:18:15]} 34. Bh4 {[%clk 0:21:16]} g5 {[%clk 0:18:28]}
35. Qg4 {[%clk 0:19:53]} Qe8 {[%clk 0:17:33]} 36. b6 {[%clk 0:20:14]} Qb8
{[%clk 0:15:53]} 37. Bg3 {[%clk 0:16:34]} Rxb6 {[%clk 0:16:06]} 38. Qe6+
{[%clk 0:16:58]} Kh7 {[%clk 0:16:03]} 39. Bxe5 {[%clk 0:17:07]} Bg7
{[%clk 0:15:11]} 40. Qf5+ {[%clk 0:15:38]} Kg8 {[%clk 0:14:47]} 41. Qg6
{[%clk 0:15:52]} dxe5 {[%clk 0:15:12]} 42. Rxb6 {[%clk 0:16:03]} Qf8
{[%clk 0:15:35]} 43. Qe6+ {[%clk 0:15:58]} Kh8 {[%clk 0:15:19]} 44. Qf5
{[%clk 0:16:22]} Qxf5 {[%clk 0:15:07]} 45. exf5 {[%clk 0:16:46]} Kg8
{[%clk 0:15:27]} 46. d6 {[%clk 0:17:01]} Kf7 {[%clk 0:14:55]} 47. Rb7+
{[%clk 0:17:25]} Kf8 {[%clk 0:15:20]} 48. Rxg7 {[%clk 0:17:49]} 1-0